000 02294nam0a22003851 4500
001 v19\rc\1509834
005 20060620122610.1
035 _a(NLR Aleph) 004634960
090 _a3217248
_c3217248
100 _a20060620e18891891|||y0rusy50 ca
101 0 _arus
102 _aRU
105 _aa z |||||
200 1 _aРуководство к клиническим методам исследования внутренних болезней
_f[Соч.] Н. Котовщикова доц. Казан. ун-та
205 _a[2-е изд., значит. доп.]. Т. 1
210 _aКазань
_cА.А. Дубровин
_d1889-1891
215 _cил. в тексте и на отд. л.
_d23
300 _a1-й т. вышел в 3-х вып.
311 _aВып. 1 (1889) - 2 (1890) отт. из Учен. зап. Казан. ун-та по мед. ф-ку за 1887-1889 гг.
311 _aЧасть тиража вып. 3 (1891) вышла как прил. к изд. ... 1891 кн. 4
311 _a.-Казань:тип. Ун-та, 1885 (шифр: 18.199.1.51(4))
327 1 _aСодерж.: 1. Физическая диагностика
421 0 _11010#$arus
_1210##$aКазань$cтип. Ун-та$d1885
_1215##$a[3] с., 6 л. табл.
_1899##$aNLR$j18.199.1.51(4)
422 0 _12001#$aУченые записки Казанского университета по медицинскому факультету$v1891, кн. 4
_tУченые записки Казанского университета по медицинскому факультету
464 0 _12001#$aФизическая диагностика
_tФизическая диагностика
488 0 _12001#$aУченые записки Казанского университета по медицинскому факультету$v1887-1889
_tУченые записки Казанского университета по медицинскому факультету
700 1 _aКотовщиков
_bН. И.
_f1846-1905
_gНиколай Иванович
801 0 _aRU
_bNLR
_gpsbo
801 0 _aRU
_bRuMoRGB
_2psbo
801 1 _aRU
_bProSoft-M
_2rusmarc
852 _aNLR
_j18.289.3.38
899 _aRuMoRGB
_jA 155/284
899 _aНБ СПбГУ
942 _cBOOK
980 _aNB